| 000 | 00624nam a2200133Ia 4500 | ||
|---|---|---|---|
| 008 | 171212s9999 xx 000 0 und d | ||
| 020 | _a9780874211986 | ||
| 100 | _aGriffith, James | ||
| 245 |
_cGriffith, James _aShared Space |
||
| 260 |
_bUniversity Press of Colorado _c1995 |
||
| 650 | _aArizona -- Social life and customs; Sonora (Mexico : State) -- Social life and customs; Folklore -- Arizona; Folklore -- Mexico -- Sonora (State); Arizona -- Boundaries -- Mexico -- Sonora (State); Sonora (Mexico : State) -- Boundaries -- Arizona | ||
| 650 | _aPopulation Studies | ||
| 856 | _uwww.jstor.org/stable/10.2307/j.ctt46nxz2 | ||
| 999 |
_c353171 _d353171 |
||